| 000 | 00776nam a2200181Ia 4500 | ||
|---|---|---|---|
| 008 | 100921s9999 xx 000 0 und d | ||
| 082 |
_b29929 _a923.2 0 |
||
| 100 | _aकिराणे निर्मला. | ||
| 245 | _aपंडित जवाहरलाल नेहरू. | ||
| 260 |
_bमोरया प्रकाशन, मुंबई. _c0 |
||
| 300 |
_a47 _bरसिक साहित्य,पुणे |
||
| 365 | _b15 | ||
| 520 | _aचरित्रे-राजकारणी व्यिक्त. | ||
| 630 | _aपंडित जवाहरलाल नेहरू. | ||
| 650 | _aचरित्रे-राजकारणी व्यिक्त. | ||
| 730 | _aपंडित जवाहरलाल नेहरू. | ||
| 942 | _cBOOK | ||
| 999 |
_c779042 _d779039 |
||